00386 2200169 4500245005000000020002200050250001100072100001900083700001700102650001000119005001900129260002400148041001400172084001000186336000900196338001100205 aPendekar Shaolin Vol. 5cLong, Khoo FukhText a978-602-8379-33-5 aCet. 1 aLong, Khoo Fuk aJuliana Peng aKomik a20230202080600 bKumala Comicsc2009 aIndonesia a741.5 atext avolume